000 00593nam a2200229Ia 4500
005 20230328132942.0
008 230125s9999 xx 000 0 und d
020 _a9780143447573
041 _aeng
082 _a363.72
_bJAY
100 _aJayanti S R
_9118164
245 _aSanity In Sanitation : Jajaroo Ni Jhumbesh
250 _a1st Ed.
260 _c2019
_bPenguin Random House India
_aHaryana
300 _a262p
500 _aGeneral;Sanitation
650 _aGeneral;Sanitation
_9180888
700 _aJayanti S R
_9118164
906 _b111.72
942 _cBK
999 _c96169
_d96169